Aprovechamiento agroalimentario de la ahuyama : (Registro nro. 30890)

Detalles MARC
000 -LEADER
fixed length control field 01587cam a2200361 i 4500
005 - DATE AND TIME OF LATEST TRANSACTION
control field 20250411201242.0
007 - PHYSICAL DESCRIPTION FIXED FIELD--GENERAL INFORMATION
fixed length control field ta
008 - FIXED-LENGTH DATA ELEMENTS--GENERAL INFORMATION
fixed length control field 230718s2023 ck bdo gr 000 0dspa
015 ## - NATIONAL BIBLIOGRAPHY NUMBER
National bibliography number ck-2023-xxxx
020 ## - INTERNATIONAL STANDARD BOOK NUMBER
International Standard Book Number 978-958-5439-55-9
040 ## - CATALOGING SOURCE
Original cataloging agency CO-CtgCURN
Language of cataloging spa
Transcribing agency coctgcurn
041 0# - LANGUAGE CODE
Language code of text/sound track or separate title spa
043 ## - GEOGRAPHIC AREA CODE
Geographic area code s-ck---
Local GAC code s-ck-ra
082 04 - DEWEY DECIMAL CLASSIFICATION NUMBER
Classification number 635.6209
Item number G216
Edition information 23
100 1# - MAIN ENTRY--PERSONAL NAME
Personal name García Zapateiro, Luis Alberto,
Relator term autor.
245 10 - TITLE STATEMENT
Title Aprovechamiento agroalimentario de la ahuyama :
Remainder of title un aporte orientado a la seguridad y soberanía alimentaria del Caribe colombiano /
Statement of responsibility, etc. Luis Alberto García Zapateiro, Edilbert Torregoza Fuentes, Ronald Miguel Marsiglia Fuentes.
250 ## - EDITION STATEMENT
Edition statement Primera edición.
264 #1 - PRODUCTION, PUBLICATION, DISTRIBUTION, MANUFACTURE, AND COPYRIGHT NOTICE
Place of production, publication, distribution, manufacture Cartagena de Indias :
Name of producer, publisher, distributor, manufacturer Universidad de Cartagena,
Date of production, publication, distribution, manufacture, or copyright notice 2023
300 ## - PHYSICAL DESCRIPTION
Extent 228 páginas :
Other physical details fotografías y mapas a color, gráficos en blanco y negro ;
Dimensions 24 cm.
336 ## - CONTENT TYPE
Content type term Texto
Content type code txt
Source rdacontent
337 ## - MEDIA TYPE
Media type term Sin mediación
Media type code n
Source rdamedia
338 ## - CARRIER TYPE
Carrier type term Volumen
Carrier type code nc
Source rdacarrier
500 ## - GENERAL NOTE
General note Incluye datos curriculares de los autores.
500 ## - GENERAL NOTE
General note Incluye glosario.
504 ## - BIBLIOGRAPHY, ETC. NOTE
Bibliography, etc. note Incluye referencia bibliográficas al final de cada capítulo.
596 ## -
-- 7
650 14 - SUBJECT ADDED ENTRY--TOPICAL TERM
Topical term or geographic name entry element Calabaza (Cucurbita)
General subdivision Variedades
Geographic subdivision Caribe (Región, Colombia)
650 24 - SUBJECT ADDED ENTRY--TOPICAL TERM
Topical term or geographic name entry element Calabaza (Cucurbita)
General subdivision Producción
Geographic subdivision Caribe (Región, Colombia)
650 24 - SUBJECT ADDED ENTRY--TOPICAL TERM
Topical term or geographic name entry element Calabaza (Cucurbita)
General subdivision Enfermedades y plagas
Geographic subdivision Caribe (Región, Colombia)
650 24 - SUBJECT ADDED ENTRY--TOPICAL TERM
Topical term or geographic name entry element Seguridad alimenticia
Geographic subdivision Caribe (Región, Colombia)
700 1# - ADDED ENTRY--PERSONAL NAME
Personal name Torregoza Fuentes, Edilbert,
Relator term autor.
700 1# - ADDED ENTRY--PERSONAL NAME
Personal name Marsiglia Fuentes, Ronald Miguel,
Relator term autor.
999 ## - SYSTEM CONTROL NUMBERS (KOHA)
-- 1
Existencias
Withdrawn status Lost status Source of classification or shelving scheme Damaged status Not for loan Collection Home library Current library Shelving location Date acquired Inventory number Total checkouts Full call number Barcode Date last seen Copy number Price effective from Koha item type Public note
    Dewey Decimal Classification     General Miguel Henríquez Castañeda Miguel Henríquez Castañeda General 10/30/2023 024961   635.6209 G216 024961 10/30/2023 1 10/30/2023 Libros 630-AGRICU